Kto je kto v Slovenskej akadémii vied 2011

Bibliographic Details
Other Authors: Macková, Mária (Compiler)
Format: Book
Language:Slovak
PhysicalDescription:361 s. fotogr. 21 cm
Published: Bratislava VEDA, Vydavateľstvo Slovenskej akadémie vied 2011
ISBN:9788022411943 (viaz.)
Edition:1. vyd.
Subjects:

MARC

LEADER 00000nam a22000005a 4500
001 vtls010312160
003 SK-MaSNL
005 20260301032046.0
008 160830s2011 xo 001 0cslo
015 |a SNBA2012/01-00058 
020 |a 9788022411943 (viaz.) 
035 |a 10DFB573-FEBF-4B05-8A55-7BBDB62A375C 
035 |a urn:nbn:sk:snk-amjinw 
035 |a urn:nbn:sk:snk-am002grm 
040 |a SNK  |b slo  |c SNK  |e AACR2 
041 0 |a slo 
044 |a xo  |c SK 
072 7 |a 929  |x Biografie  |2 konspekt 
072 7 |a 00  |x Veda. Všeobecnosti. Základy vedy a kultúry. Vedecká práca  |2 konspekt 
080 |a 929  |2 2001 
080 |a 001.32-051  |2 2001 
080 |a (036)  |2 2001 
080 |a (031)929  |2 2001 
245 0 0 |a Kto je kto v Slovenskej akadémii vied 2011  |c zostavila Mária Macková 
250 |a 1. vyd. 
260 |a Bratislava  |b VEDA, Vydavateľstvo Slovenskej akadémie vied  |c 2011 
300 |a 361 s.  |b fotogr.  |c 21 cm 
504 |a Menný reg. 
610 2 7 |a Slovenská akadémia vied  |2 SNKMA  |9 125200 
648 7 |a 2011  |2 SNKPH  |9 328311 
650 0 7 |a akademici  |2 SNKPH  |9 85333 
650 0 7 |a osobnosti  |2 SNKPH  |9 29820 
650 0 7 |a Academicians  |2 SNKPHeng  |9 328677 
650 0 7 |a Celebrities  |2 SNKPHeng  |9 265203 
655 7 |a informačné publikácie  |2 SNKPH  |9 70181 
655 7 |a biografické slovníky  |2 SNKPH  |9 51960 
655 7 |a Guidebooks  |2 SNKPHeng  |9 268010 
655 7 |a Biographical dictionaries  |2 SNKPHeng  |9 278210 
700 1 |a Macková, Mária  |4 com  |9 8406 
919 |a 978-80-224-1194-3 
958 |a OND 
968 |d 0 
999 |c 577755  |d 579685 
952 |a SNK  |b SNK  |y PREZ  |7 0  |p 17A0718200  |o snkSC 146785  |i snk2011/19443  |8 0  |0 0  |1 0  |4 0  |d 2011-09-20  |l 0  |r 2025-07-15 00:00:00  |w 2026-02-23 
952 |a SNK  |b SNK  |y VYP  |7 0  |p 17A0718199  |o snkSC 146785 D1  |i snk2011/19445  |8 0  |0 0  |1 0  |4 0  |d 2011-09-20  |l 0  |r 2026-02-23 14:39:07  |w 2026-02-23